000 00565nam a22001817a 4500
999 _c61658
_d61658
005 20240411114127.0
008 240411s2004 enk||||| |||| 00| 0 eng d
020 _a9780074713365x
041 _aeng
080 _a615.849 B-86
100 _aBriggs, Greg
_921763
245 _aMcGraw-Hill's Pocket Guide to Chest X-rays /
_cGreg Briggs.
264 _aSydney :
_bMcGraw-Hill Book Company
_c2004.
300 _a120 p.:
_bill.;
_c18 cm.
653 _aგულმკერდის რენტგენი
653 _aმედიცინა
942 _2udc
_cBK